[Event "CHN-ch Gp-B"]
[Site "Liaocheng"]
[Date "2024.04.23"]
[Round "5"]
[White "Xi, Qi"]
[Black "Zhang, Yinzhe"]
[Result "1-0"]
[WhiteElo "2217"]
[BlackElo "1927"]
[PlyCount "107"]
[EventDate "2024.04.21"]
[EventType "swiss"]
[EventRounds "11"]
[EventCountry "CHN"]
[SourceTitle "CB18_2024"]
[SourceDate "2024.05.01"]
[SourceVersion "1"]
[SourceVersionDate "2024.05.01"]
[SourceQuality "2"]

1. d4 Nf6 2. c4 e6 3. Nf3 b6 4. a3 Bb7 5. Nc3 d5 6. cxd5 Nxd5 7. Qc2 Be7 8. e4 Nxc3 9. bxc3 0-0 10. Bd3 c5 11. 0-0 h6 12. Rd1 cxd4 13. cxd4 Nd7 14. Bb2 Nf6 15. Qe2 Rc8 16. d5 exd5 17. e5 Ne8 18. Nd4 Rc5 19. Bc2 Nc7 20. Qd3 Rxc2 21. Qxc2 Ne6 22. Nxe6 fxe6 23. Bd4 Ba6 24. Qg6 Qd7 25. Rac1 Be2 26. Re1 Bc4 27. Rc3 Bg5 28. Rg3 Bd2 29. Rd1 Bf4 30. Rh3 Rf5 31. Re1 Bd2 32. Rd1 Bf4 33. g3 Rg5 34. Qc2 Bxe5 35. Be3 Qe7 36. Bxg5 Qxg5 37. Rh4 Qf5 38. Rxc4 dxc4 39. Qxc4 Bf6 40. Rd6 Kf7 41. Rd7+ Kg6 42. Rxa7 b5 43. Qe2 Kh7 44. Rd7 Kh8 45. h4 Qb1+ 46. Kg2 Qc1 47. Rd3 Qc4 48. Re3 Qc6+ 49. Kh2 e5 50. Rb3 Qc5 51. Rxb5 Qxa3 52. Rb8+ Kh7 53. Qe4+ g6 54. h5 1-0

[Event "CHN-ch U20"]
[Site "Shenzhen"]
[Date "2023.08.02"]
[Round "11"]
[White "Xi, Qi"]
[Black "Chen, Hongsen"]
[Result "1/2-1/2"]
[WhiteElo "2198"]
[BlackElo "1985"]
[PlyCount "49"]
[EventDate "2023.07.28"]
[EventType "swiss"]
[EventRounds "11"]
[EventCountry "CHN"]
[SourceTitle "CBM 215 Extra"]
[Source "ChessBase"]
[SourceDate "2023.09.30"]
[SourceVersion "1"]
[SourceVersionDate "2023.09.30"]
[SourceQuality "1"]

1. d4 Nf6 2. c4 e6 3. Nc3 Bb4 4. Qc2 0-0 5. a3 Bxc3+ 6. Qxc3 d5 7. Nf3 dxc4 8. Qxc4 b6 9. Bg5 Ba6 10. Qa4 c5 11. dxc5 bxc5 12. Rd1 Qb6 13. Bxf6 gxf6 14. Rd2 Nc6 15. Qg4+ Kh8 16. Qh4 Kg7 17. Qg4+ Kh8 18. Qh4 Kg7 19. Qg4+ Kh8 20. Qh4 Kg7 21. Ng5 fxg5 22. Qxg5+ Kh8 23. Qf6+ Kg8 24. Qg5+ Kh8 25. Qf6+ 1/2-1/2

[Event "CHN-ch U20"]
[Site "Shenzhen"]
[Date "2023.07.31"]
[Round "7"]
[White "Xi, Qi"]
[Black "Xin, Juncheng"]
[Result "1-0"]
[WhiteElo "2198"]
[BlackElo "1915"]
[PlyCount "85"]
[EventDate "2023.07.28"]
[EventType "swiss"]
[EventRounds "11"]
[EventCountry "CHN"]
[SourceTitle "CBM 215 Extra"]
[Source "ChessBase"]
[SourceDate "2023.09.30"]
[SourceVersion "1"]
[SourceVersionDate "2023.09.30"]
[SourceQuality "1"]

1. d4 d5 2. c4 e6 3. Nc3 Nf6 4. Nf3 Bb4 5. Bg5 c5 6. cxd5 exd5 7. e3 h6 8. Bxf6 Qxf6 9. Be2 Be6 10. 0-0 Bxc3 11. bxc3 0-0 12. a4 Nd7 13. Qb3 Rab8 14. a5 b6 15. axb6 axb6 16. Bb5 c4 17. Qb4 Rfd8 18. Ra7 Bg4 19. Bxd7 Rxd7 20. Rxd7 Bxd7 21. Ne5 Qe6 22. Ra1 Be8 23. Ra7 b5 24. h3 Qb6 25. Qe7 Qe6 26. Qxe6 fxe6 27. g4 Kf8 28. h4 b4 29. cxb4 Rc8 30. Kf1 c3 31. Ra1 c2 32. Rc1 Ba4 33. Ke1 Ke7 34. Kd2 Kd6 35. Nd3 Rf8 36. f4 g5 37. fxg5 hxg5 38. h5 Rf3 39. Rh1 Bb5 40. Ne5 Rf2+ 41. Kc1 Bf1 42. h6 Bg2 43. h7 1-0

[Event "CHN-chT"]
[Site "Hangzhou"]
[Date "2023.05.23"]
[Round "5.4"]
[White "Yang, Zilong"]
[Black "Xi, Qi"]
[Result "1/2-1/2"]
[WhiteElo "1895"]
[BlackElo "2206"]
[PlyCount "170"]
[EventDate "2023.05.19"]
[EventType "team-swiss"]
[EventRounds "9"]
[EventCountry "CHN"]
[SourceTitle "CBM 214 Extra"]
[Source "ChessBase"]
[SourceDate "2023.07.31"]
[SourceVersion "1"]
[SourceVersionDate "2023.07.31"]
[SourceQuality "1"]
[WhiteTeam "Jiangsu"]
[BlackTeam "Tianjin"]
[WhiteTeamCountry "CHN"]
[BlackTeamCountry "CHN"]

1. e4 e6 2. d4 d5 3. exd5 exd5 4. Nf3 Bd6 5. c4 Nf6 6. c5 Be7 7. Nc3 0-0 8. Bd3 b6 9. cxb6 axb6 10. 0-0 c5 11. Bf4 Nc6 12. h3 Bb7 13. Re1 Nxd4 14. Nxd4 cxd4 15. Nb5 Bc5 16. Bc7 Qd7 17. Be5 Ne4 18. Bxd4 Rfe8 19. Bxe4 dxe4 20. Bxc5 Qxb5 21. Be3 Qxb2 22. Qb1 Qa3 23. Qxb6 Bd5 24. Qc5 Bxa2 25. Qxa3 Rxa3 26. Re2 Bc4 27. Rxa3 Bxe2 28. Rb3 h6 29. h4 Kh7 30. Kh2 Re7 31. Ra3 Re6 32. Rb3 Rg6 33. Bd4 Rg4 34. Kh3 Rf4 35. Rc3 g5 36. hxg5 hxg5 37. g3 Rf5 38. Rc5 Rf3 39. Rxg5 Rd3 40. Be3 Rd1 41. g4 f6 42. Rc5 Rh1+ 43. Kg3 Rg1+ 44. Kf4 Kg6 45. Kxe4 Rxg4+ 46. Bf4 Rh4 47. Ke3 Bg4 48. Rc1 Rh8 49. Bg3 Re8+ 50. Kd4 Bf3 51. Kd3 Kf5 52. Rc7 Kg4 53. Rg7+ Kh3 54. Rh7+ Kg2 55. Rf7 f5 56. Rf6 Bg4 57. Rf7 Kf3 58. Kd4 Bh3 59. Rf6 Re4+ 60. Kd5 Re2 61. Kd4 Rd2+ 62. Ke5 Rd1 63. Rf8 Bg4 64. Rf6 Rh1 65. Rf8 Rh5 66. Kd4 Rh7 67. Rf6 Rb7 68. Rf8 Rb4+ 69. Ke5 Ke2 70. Rf6 Bh3 71. Rf8 Ra4 72. Rf6 Re4+ 73. Kd5 Kd3 74. Rf8 Rg4 75. Ke5 Ra4 76. Rf6 Ke2 77. Rf8 Kf3 78. Rf6 Bg4 79. Rf8 Ra5+ 80. Kd4 Ra4+ 81. Ke5 Re4+ 82. Kd5 f4 83. Rxf4+ Rxf4 84. Bxf4 Kxf4 85. f3 Bxf3+ 1/2-1/2

[Event "CHN-chT"]
[Site "Hangzhou"]
[Date "2023.05.21"]
[Round "3.4"]
[White "Nie, Xinyang"]
[Black "Xi, Qi"]
[Result "1/2-1/2"]
[WhiteElo "2248"]
[BlackElo "2206"]
[PlyCount "76"]
[EventDate "2023.05.19"]
[EventType "team-swiss"]
[EventRounds "9"]
[EventCountry "CHN"]
[SourceTitle "CBM 214 Extra"]
[Source "ChessBase"]
[SourceDate "2023.07.31"]
[SourceVersion "1"]
[SourceVersionDate "2023.07.31"]
[SourceQuality "1"]
[WhiteTeam "Chongqing"]
[BlackTeam "Tianjin"]
[WhiteTeamCountry "CHN"]
[BlackTeamCountry "CHN"]

1. d4 d5 2. Nf3 Nf6 3. Bf4 c5 4. e3 e6 5. Nbd2 Bd6 6. dxc5 Bxc5 7. Bd3 0-0 8. 0-0 Nc6 9. c4 h6 10. Rc1 Qe7 11. Ne5 Bd6 12. Ndf3 Rd8 13. Nxc6 bxc6 14. Bxd6 Qxd6 15. cxd5 cxd5 16. Qa4 a5 17. Rfd1 Bd7 18. Qd4 Be8 19. Ne5 Rac8 20. f4 Nd7 21. Nxd7 Bxd7 22. a3 a4 23. Rc2 Rxc2 24. Bxc2 Rb8 25. Rd2 Qb6 26. Bd1 Kf8 27. Kf2 Qxd4 28. exd4 Ke7 29. Ke3 Kd6 30. Kd3 f6 31. Kc3 e5 32. fxe5+ fxe5 33. dxe5+ Kxe5 34. Re2+ Kd6 35. Rf2 Rc8+ 36. Kd2 Rb8 37. Kc3 Rc8+ 38. Kd2 Rb8 1/2-1/2

[Event "CHN-chT"]
[Site "Hangzhou"]
[Date "2023.05.20"]
[Round "2.4"]
[White "Xi, Qi"]
[Black "Liu, Bei"]
[Result "1-0"]
[WhiteElo "2206"]
[BlackElo "1962"]
[PlyCount "133"]
[EventDate "2023.05.19"]
[EventType "team-swiss"]
[EventRounds "9"]
[EventCountry "CHN"]
[SourceTitle "CBM 214 Extra"]
[Source "ChessBase"]
[SourceDate "2023.07.31"]
[SourceVersion "1"]
[SourceVersionDate "2023.07.31"]
[SourceQuality "1"]
[WhiteTeam "Tianjin"]
[BlackTeam "Qingdao"]
[WhiteTeamCountry "CHN"]
[BlackTeamCountry "CHN"]

1. d4 d5 2. c4 c6 3. Nf3 Nf6 4. Nc3 e6 5. e3 Nbd7 6. Qc2 Bd6 7. Be2 0-0 8. 0-0 dxc4 9. Bxc4 a6 10. a4 c5 11. Rd1 cxd4 12. exd4 Qc7 13. Bb3 b6 14. h3 Bb7 15. Qe2 h6 16. Re1 Bf4 17. Ne5 Bxc1 18. Raxc1 Qd6 19. Rcd1 Nd5 20. Ne4 Qe7 21. Rc1 N7f6 22. Nxf6+ Nxf6 23. Nxf7 Rxf7 24. Qxe6 Qxe6 25. Bxe6 Bd5 26. Bxf7+ Bxf7 27. Rc7 Rd8 28. Ra7 Bc4 29. Ree7 Ne8 30. f3 Kf8 31. Red7 Rxd7 32. Rxd7 Nf6 33. Rc7 Bb3 34. Rb7 Bxa4 35. Rxb6 Bb5 36. Kf2 Nd5 37. Rb8+ Kf7 38. g3 g6 39. h4 h5 40. Rc8 Ke6 41. Rc5 Ne7 42. Re5+ Kf6 43. g4 hxg4 44. fxg4 Nc6 45. Re4 Nb4 46. Ke3 Nd5+ 47. Kd2 Bc4 48. Re5 Kf7 49. h5 gxh5 50. gxh5 Kg7 51. Kc2 Nf4 52. Kc3 Be2 53. d5 Kf6 54. Kd4 Bxh5 55. Ke4 Ne2 56. Re6+ Kf7 57. Rxa6 Ke7 58. Ke5 Nc1 59. Ra7+ Kd8 60. Kd6 Bg4 61. Ra8+ Bc8 62. b4 Nb3 63. b5 Nd2 64. b6 Nc4+ 65. Kc5 Nxb6 66. Kxb6 Kd7 67. d6 1-0

[Event "CHN-chT"]
[Site "Hangzhou"]
[Date "2023.05.19"]
[Round "1.4"]
[White "Wu, Wenda"]
[Black "Xi, Qi"]
[Result "1/2-1/2"]
[WhiteElo "1693"]
[BlackElo "2206"]
[PlyCount "79"]
[EventDate "2023.05.19"]
[EventType "team-swiss"]
[EventRounds "9"]
[EventCountry "CHN"]
[SourceTitle "CBM 214 Extra"]
[Source "ChessBase"]
[SourceDate "2023.07.31"]
[SourceVersion "1"]
[SourceVersionDate "2023.07.31"]
[SourceQuality "1"]
[WhiteTeam "Ningbo"]
[BlackTeam "Tianjin"]
[WhiteTeamCountry "CHN"]
[BlackTeamCountry "CHN"]

1. d4 d5 2. c4 e6 3. Nf3 Nf6 4. g3 c6 5. Bg2 dxc4 6. a4 Nbd7 7. 0-0 Be7 8. Nbd2 Nb6 9. a5 Nbd5 10. e4 c3 11. bxc3 Nxc3 12. Qe1 0-0 13. Ba3 Bd7 14. Bc5 Nb5 15. Qe3 Rb8 16. Nc4 Re8 17. Rfd1 b6 18. Bxe7 Rxe7 19. Nfe5 Be8 20. g4 Qc7 21. g5 Nd7 22. Ng4 f6 23. gxf6 Nxf6 24. Nxf6+ gxf6 25. e5 fxe5 26. dxe5 c5 27. h4 Nd4 28. axb6 axb6 29. Nd6 Bc6 30. Kh2 Rg7 31. Rg1 Qe7 32. Qh3 Bxg2 33. Rxg2 Kh8 34. Rg5 Rf8 35. f4 Rxf4 36. Qg3 Rxg5 37. Qxf4 Rg7 38. Ra8+ Rg8 39. Nf7+ Qxf7 40. Qxf7 1/2-1/2

[Event "CHN-ch sf"]
[Site "Hefei"]
[Date "2023.04.26"]
[Round "7"]
[White "Liu, Yijun"]
[Black "Xi, Qi"]
[Result "0-1"]
[WhiteElo "1421"]
[BlackElo "2118"]
[PlyCount "62"]
[EventDate "2023.04.23"]
[EventType "swiss"]
[EventRounds "11"]
[EventCountry "CHN"]
[SourceTitle "CBM 214 Extra"]
[Source "ChessBase"]
[SourceDate "2023.07.31"]
[SourceVersion "1"]
[SourceVersionDate "2023.07.31"]
[SourceQuality "1"]

1. c4 e5 2. Nc3 Nf6 3. g3 c6 4. d4 e4 5. Bg5 Bb4 6. Bg2 d5 7. Qb3 Bxc3+ 8. bxc3 Nbd7 9. cxd5 cxd5 10. e3 0-0 11. Ne2 h6 12. Bxf6 Nxf6 13. c4 dxc4 14. Qxc4 Qa5+ 15. Qc3 Qa6 16. Qd2 Bg4 17. Nc3 Bf3 18. Bxf3 exf3 19. 0-0-0 b5 20. Kb2 b4 21. Nb1 Ne4 22. Qc2 Rfe8 23. Rhf1 Rac8 24. Qd3 Qa5 25. Ka1 Qd5 26. Rde1 a5 27. Qd1 a4 28. Nd2 Nc3 29. Qc2 b3 30. axb3 axb3 31. Nxb3 Ra8+ 0-1

[Event "CHN-ch sf"]
[Site "Hefei"]
[Date "2023.04.25"]
[Round "6"]
[White "Xi, Qi"]
[Black "Xie, Jiaxiang"]
[Result "1-0"]
[WhiteElo "2118"]
[BlackElo "1564"]
[PlyCount "59"]
[EventDate "2023.04.23"]
[EventType "swiss"]
[EventRounds "11"]
[EventCountry "CHN"]
[SourceTitle "CBM 214 Extra"]
[Source "ChessBase"]
[SourceDate "2023.07.31"]
[SourceVersion "1"]
[SourceVersionDate "2023.07.31"]
[SourceQuality "1"]

1. d4 d5 2. c4 e6 3. Nc3 f5 4. Bf4 Nf6 5. e3 c6 6. Nf3 Bd6 7. Bd3 0-0 8. 0-0 b6 9. Rc1 Ne4 10. Ne2 Bb7 11. Qa4 g5 12. Bxd6 Nxd6 13. cxd5 exd5 14. Ne5 Qe8 15. f4 g4 16. Qa3 Rf6 17. h3 h5 18. hxg4 hxg4 19. Kf2 Nd7 20. Rh1 Rc8 21. Rh4 Nf8 22. Rch1 Nf7 23. Nxg4 fxg4 24. Rxg4+ Ng5 25. Rxg5+ Kf7 26. Ng3 c5 27. Nf5 Ng6 28. Rh7+ Kg8 29. Rg7+ Kf8 30. Rxb7 1-0

[Event "CHN-ch sf"]
[Site "Hefei"]
[Date "2023.04.24"]
[Round "4"]
[White "Xi, Qi"]
[Black "Li, Zhanjia"]
[Result "1/2-1/2"]
[WhiteElo "2118"]
[BlackElo "1667"]
[PlyCount "83"]
[EventDate "2023.04.23"]
[EventType "swiss"]
[EventRounds "11"]
[EventCountry "CHN"]
[SourceTitle "CBM 214 Extra"]
[Source "ChessBase"]
[SourceDate "2023.07.31"]
[SourceVersion "1"]
[SourceVersionDate "2023.07.31"]
[SourceQuality "1"]

1. d4 d5 2. c4 e6 3. Nc3 Nf6 4. Nf3 c6 5. e3 Nbd7 6. Qc2 Bd6 7. Be2 0-0 8. 0-0 b6 9. e4 dxe4 10. Nxe4 Be7 11. Bf4 Nxe4 12. Qxe4 Bb7 13. Rad1 Nf6 14. Qc2 Qc8 15. Bd3 g6 16. Bh6 Re8 17. c5 Ba6 18. b4 Nd5 19. a3 Bxd3 20. Rxd3 a5 21. Rb3 axb4 22. axb4 b5 23. Ne5 Ra4 24. Rfb1 Bf6 25. Qe4 Qc7 26. h4 Bh8 27. h5 f5 28. Qe2 Bxe5 29. dxe5 Rea8 30. Rg3 Kf7 31. Rh3 Ra2 32. Rb2 Rxb2 33. Qxb2 Qa7 34. hxg6+ hxg6 35. Bg5 Qa1+ 36. Qxa1 Rxa1+ 37. Kh2 Kg7 38. Bh6+ Kg8 39. Bd2 Ra2 40. Rd3 Kf7 41. Kg3 Ra4 42. f3 1/2-1/2

[Event "CHN-ch sf"]
[Site "Hefei"]
[Date "2023.04.23"]
[Round "2"]
[White "Xi, Qi"]
[Black "Li, Sichen"]
[Result "1-0"]
[WhiteElo "2118"]
[BlackElo "1533"]
[PlyCount "137"]
[EventDate "2023.04.23"]
[EventType "swiss"]
[EventRounds "11"]
[EventCountry "CHN"]
[SourceTitle "CBM 214 Extra"]
[Source "ChessBase"]
[SourceDate "2023.07.31"]
[SourceVersion "1"]
[SourceVersionDate "2023.07.31"]
[SourceQuality "1"]

1. d4 Nf6 2. c4 e6 3. Nf3 d5 4. Nc3 Bb4 5. Qa4+ Nc6 6. Bg5 h6 7. Bxf6 Qxf6 8. e3 0-0 9. Rc1 Bd7 10. cxd5 exd5 11. Qb3 Qd6 12. Be2 Na5 13. Qc2 Nc4 14. 0-0 c6 15. Bxc4 dxc4 16. Ne5 b5 17. b3 cxb3 18. axb3 Rfc8 19. Ne4 Qd5 20. Nxd7 Qxd7 21. Nc5 Bxc5 22. Qxc5 a5 23. Ra1 Qd5 24. Qc2 c5 25. dxc5 Rxc5 26. Qb2 b4 27. Rfd1 Qe5 28. Qxe5 Rxe5 29. g3 Rc8 30. Ra2 Rec5 31. Kg2 Rc3 32. Rxa5 Rxb3 33. Rd7 Ra3 34. Rb5 b3 35. Rbb7 Rf8 36. g4 g6 37. Kg3 Kg7 38. h3 Kf6 39. Rdc7 Kg7 40. Rc3 Rd8 41. Rcxb3 Rxb3 42. Rxb3 Rd1 43. Ra3 Rb1 44. Ra5 Rg1+ 45. Kf3 Rh1 46. Kg2 Rb1 47. h4 Rb4 48. Kg3 Rb1 49. h5 gxh5 50. Rxh5 Rg1+ 51. Kf4 Rf1 52. f3 Ra1 53. Re5 Ra4+ 54. Kf5 Rb4 55. Rd5 Rb3 56. Kf4 Rb4+ 57. e4 Rb3 58. Rd6 Ra3 59. e5 Ra4+ 60. Kf5 Ra3 61. f4 Ra5 62. Rd7 Rb5 63. Ke4 Rb4+ 64. Rd4 Rb1 65. f5 Re1+ 66. Kd5 Rc1 67. Kd6 Rc2 68. Ke7 Rc7+ 69. Rd7 1-0

[Event "CHN-chTB"]
[Site "Hefei"]
[Date "2023.04.21"]
[Round "8"]
[White "Xi, Qi"]
[Black "Chen, Hongsen"]
[Result "1-0"]
[WhiteElo "2118"]
[BlackElo "2002"]
[PlyCount "73"]
[EventDate "2023.04.17"]
[EventType "team-swiss"]
[EventRounds "9"]
[EventCountry "CHN"]
[SourceTitle "EXT 2024"]
[Source "ChessBase"]
[SourceDate "2023.10.10"]
[SourceVersion "1"]
[SourceVersionDate "2023.10.10"]
[SourceQuality "1"]
[WhiteTeam "Tianjin Yipin"]
[BlackTeam "Suzhou Third Sports"]
[WhiteTeamCountry "CHN"]
[BlackTeamCountry "CHN"]

1. d4 Nf6 2. c4 e6 3. Nf3 d5 4. Nc3 Be7 5. Bf4 0-0 6. e3 b6 7. Bd3 Bb7 8. 0-0 Nbd7 9. cxd5 exd5 10. Rc1 c5 11. h3 Ne4 12. Qe2 cxd4 13. Nxd4 Ndc5 14. Bb5 Bg5 15. Bxg5 Qxg5 16. Rfd1 Rac8 17. Qf3 g6 18. Bf1 Qe5 19. Qe2 Rfd8 20. Qe1 h5 21. Nce2 g5 22. f4 Qg7 23. fxg5 Nxg5 24. Qh4 Re8 25. Ng3 Qe5 26. Ngf5 Nce4 27. Qxh5 Rxc1 28. Rxc1 Bc8 29. Qg4 Bxf5 30. Nxf5 Qxb2 31. Rd1 Qf2+ 32. Kh2 Re5 33. Ng3 Nf6 34. Qf4 Qxe3 35. Qxf6 Qxg3+ 36. Kxg3 Ne4+ 37. Kf4 1-0

[Event "CHN-chTB"]
[Site "Hefei"]
[Date "2023.04.20"]
[Round "6"]
[White "Ma, Ling"]
[Black "Xi, Qi"]
[Result "1/2-1/2"]
[WhiteElo "2200"]
[BlackElo "2118"]
[PlyCount "70"]
[EventDate "2023.04.17"]
[EventType "team-swiss"]
[EventRounds "9"]
[EventCountry "CHN"]
[SourceTitle "EXT 2024"]
[Source "ChessBase"]
[SourceDate "2023.10.10"]
[SourceVersion "1"]
[SourceVersionDate "2023.10.10"]
[SourceQuality "1"]
[WhiteTeam "Wuxi High Level"]
[BlackTeam "Tianjin Yipin"]
[WhiteTeamCountry "CHN"]
[BlackTeamCountry "CHN"]

1. d4 d5 2. c4 c6 3. cxd5 cxd5 4. Bf4 Nc6 5. e3 Nf6 6. Nc3 Bf5 7. Nf3 e6 8. Qb3 Bb4 9. Bb5 0-0 10. Bxc6 Bxc3+ 11. Qxc3 Rc8 12. Ne5 Ng4 13. Nxg4 Bxg4 14. Qb4 Rxc6 15. Qxb7 Qc8 16. Qxc8 Re8 17. Qd8 Rxd8 18. 0-0 Rdc8 19. f3 a5 20. b3 Bf5 21. h3 h5 22. h4 f6 23. Rf2 Kf7 24. Rb2 Rc2 25. Rxc2 Rxc2 26. Bg3 Rb2 27. Be1 Bb1 28. Bxa5 Bxa2 29. b4 Bc4 30. Bb6 Rxb4 31. Ra7+ Kg8 32. Bc5 Rb3 33. Kf2 Rb2+ 34. Kg1 Rb1+ 35. Kf2 Rb2+ 1/2-1/2

[Event "CHN-chTB"]
[Site "Hefei"]
[Date "2023.04.19"]
[Round "5"]
[White "Xi, Qi"]
[Black "Yu, Ruiyuan1111"]
[Result "0-1"]
[WhiteElo "2118"]
[BlackElo "2493"]
[PlyCount "126"]
[EventDate "2023.04.17"]
[EventType "team-swiss"]
[EventRounds "9"]
[EventCountry "CHN"]
[SourceTitle "EXT 2024"]
[Source "ChessBase"]
[SourceDate "2023.10.10"]
[SourceVersion "1"]
[SourceVersionDate "2023.10.10"]
[SourceQuality "1"]
[WhiteTeam "Tianjin Yipin"]
[BlackTeam "Shenzhen Qiyu"]
[WhiteTeamCountry "CHN"]
[BlackTeamCountry "CHN"]

1. d4 d5 2. c4 c6 3. Nf3 Nf6 4. Nc3 dxc4 5. a4 e6 6. e3 c5 7. Bxc4 Nc6 8. 0-0 cxd4 9. exd4 Be7 10. Qe2 0-0 11. Be3 Nb4 12. Ne5 Bd7 13. Rad1 Bc6 14. f4 Bd5 15. Nxd5 exd5 16. Bb3 Ne4 17. f5 Bg5 18. Rde1 Bxe3+ 19. Qxe3 Nc6 20. Bxd5 Qxd5 21. Nxc6 Qxc6 22. Qxe4 Qxa4 23. f6 Rfe8 24. Qg4 g6 25. Re7 Rxe7 26. fxe7 Re8 27. Re1 f5 28. Qh4 Qc6 29. g4 f4 30. Qg5 Qd6 31. Re4 f3 32. Kf2 Kf7 33. Rf4+ Kg7 34. Re4 Qxh2+ 35. Kxf3 Qh1+ 36. Kf4 Qf1+ 37. Kg3 Qg1+ 38. Kf3 Qf1+ 39. Kg3 Qd3+ 40. Qe3 Qxe3+ 41. Rxe3 Kf7 42. Kf4 Rxe7 43. Rh3 Ke6 44. Ke4 Kd6+ 45. Kd3 Kd5 46. g5 a5 47. Rh1 b6 48. b3 Re4 49. Rxh7 Rxd4+ 50. Kc3 Rg4 51. Rd7+ Kc5 52. Rc7+ Kb5 53. Rf7 Rxg5 54. Rf6 Rg3+ 55. Kb2 g5 56. Ka3 Rc3 57. Rf5+ Rc5 58. Rf6 Re5 59. Rg6 Kc5 60. Kb2 b5 61. Ka3 Kd4 62. Ra6 Ke3 63. Rxa5 b4+ 0-1

[Event "CHN-chTB"]
[Site "Hefei"]
[Date "2023.04.17"]
[Round "1"]
[White "Xi, Qi"]
[Black "Liu, Guanchu"]
[Result "1-0"]
[WhiteElo "2118"]
[BlackElo "2425"]
[PlyCount "125"]
[EventDate "2023.04.17"]
[EventType "team-swiss"]
[EventRounds "9"]
[EventCountry "CHN"]
[SourceTitle "EXT 2024"]
[Source "ChessBase"]
[SourceDate "2023.10.10"]
[SourceVersion "1"]
[SourceVersionDate "2023.10.10"]
[SourceQuality "1"]
[WhiteTeam "Tianjin Yipin"]
[BlackTeam "Xinghua Chess School"]
[WhiteTeamCountry "CHN"]
[BlackTeamCountry "CHN"]

1. d4 Nf6 2. c4 e6 3. Nf3 b6 4. g3 Ba6 5. b3 Bb4+ 6. Bd2 Be7 7. Bg2 c6 8. 0-0 d5 9. Bc3 Nbd7 10. Nbd2 0-0 11. Re1 dxc4 12. Nxc4 c5 13. e4 cxd4 14. Nxd4 Rc8 15. e5 Nd5 16. Bxd5 exd5 17. Nf5 Bxc4 18. bxc4 Rxc4 19. Bb2 Bb4 20. Re3 Bc5 21. Re2 d4 22. Re4 g6 23. Nd6 Bxd6 24. exd6 Qf6 25. Rxd4 Rxd4 26. Qxd4 Qxd4 27. Bxd4 Rc8 28. Re1 Kf8 29. Be3 Kg7 30. Bf4 a6 31. Re7 Rd8 32. h4 Nc5 33. Be5+ Kf8 34. Rc7 Nd7 35. Bf4 f6 36. Be3 Kf7 37. Bxb6 Ke6 38. Be3 Ra8 39. Bf4 h6 40. Bxh6 Kxd6 41. Bf4+ Ke6 42. Rc6+ Kf7 43. Kg2 Nf8 44. Be3 Ne6 45. Rb6 f5 46. a4 a5 47. Rb5 f4 48. Bxf4 Nxf4+ 49. gxf4 Kf6 50. Kg3 Rc8 51. Rxa5 Rc1 52. h5 gxh5 53. Rxh5 Rg1+ 54. Kf3 Ra1 55. a5 Ra2 56. Rb5 Ke6 57. Kg3 Ra1 58. f5+ Kf6 59. Kg4 Ra2 60. f3 Ra4+ 61. f4 Ra1 62. Rb6+ Kf7 63. a6 1-0

[Event "China zt 3.5"]
[Site "Shenzhen"]
[Date "2023.04.10"]
[Round "6"]
[White "Xi, Qi"]
[Black "Kong, Xiangrui"]
[Result "1/2-1/2"]
[WhiteElo "2118"]
[BlackElo "2193"]
[PlyCount "63"]
[EventDate "2023.04.05"]
[EventType "swiss"]
[EventRounds "9"]
[EventCountry "CHN"]
[SourceTitle "CBM 213 Extra"]
[Source "ChessBase"]
[SourceDate "2023.05.31"]
[SourceVersion "1"]
[SourceVersionDate "2023.05.31"]
[SourceQuality "1"]

1. d4 d5 2. c4 c6 3. Nf3 Nf6 4. e3 e6 5. Bd3 dxc4 6. Bxc4 b5 7. Bd3 Bb7 8. 0-0 a6 9. a4 Be7 10. e4 0-0 11. Qe2 c5 12. dxc5 bxa4 13. Nc3 Nfd7 14. Nxa4 Nxc5 15. Nxc5 Bxc5 16. Bf4 Qb6 17. Ne5 Bd4 18. Nc4 Qa7 19. e5 Nc6 20. Bxh7+ Kxh7 21. Qh5+ Kg8 22. Ra3 f6 23. Rh3 Rad8 24. Qh7+ Kf7 25. Rh6 Nxe5 26. Nxe5+ Bxe5 27. Bxe5 fxe5 28. Qg6+ Kg8 29. Qh7+ Kf7 30. Qg6+ Kg8 31. Qh7+ Kf7 32. Qg6+ 1/2-1/2

[Event "China zt 3.5"]
[Site "Shenzhen"]
[Date "2023.04.07"]
[Round "3"]
[White "Xi, Qi"]
[Black "Nie, Xinyang"]
[Result "1-0"]
[WhiteElo "2118"]
[BlackElo "2312"]
[PlyCount "63"]
[EventDate "2023.04.05"]
[EventType "swiss"]
[EventRounds "9"]
[EventCountry "CHN"]
[SourceTitle "CBM 213 Extra"]
[Source "ChessBase"]
[SourceDate "2023.05.31"]
[SourceVersion "1"]
[SourceVersionDate "2023.05.31"]
[SourceQuality "1"]

1. d4 Nf6 2. c4 e6 3. Nf3 d5 4. Nc3 c6 5. e3 Nbd7 6. Qc2 h6 7. Bd3 dxc4 8. Bxc4 b5 9. Bd3 b4 10. Na4 Bb7 11. 0-0 Be7 12. e4 0-0 13. e5 Nd5 14. Qe2 Re8 15. Qe4 Nf8 16. Nc5 Bxc5 17. dxc5 a5 18. Re1 Ba6 19. Bc2 Qe7 20. Qg4 f5 21. exf6 Nxf6 22. Qg3 Qxc5 23. Ba4 Nh5 24. Qh3 Ng6 25. Be3 Qd5 26. Rad1 Nhf4 27. Qg3 Qxa2 28. Bxf4 Nxf4 29. Rd7 Nh5 30. Qg6 Qxa4 31. Qxh5 Kh8 32. Qg6 1-0

[Event "China zt 3.5"]
[Site "Shenzhen"]
[Date "2023.04.05"]
[Round "1"]
[White "Xi, Qi"]
[Black "Wang, Shixu B"]
[Result "0-1"]
[WhiteElo "2118"]
[BlackElo "2433"]
[PlyCount "128"]
[EventDate "2023.04.05"]
[EventType "swiss"]
[EventRounds "9"]
[EventCountry "CHN"]
[SourceTitle "CBM 213 Extra"]
[Source "ChessBase"]
[SourceDate "2023.05.31"]
[SourceVersion "1"]
[SourceVersionDate "2023.05.31"]
[SourceQuality "1"]

1. d4 Nf6 2. c4 e6 3. Nf3 b6 4. g3 Ba6 5. b3 Bb4+ 6. Bd2 Be7 7. Bg2 d5 8. Ne5 0-0 9. 0-0 c6 10. Bc3 Bb7 11. Nd2 Nbd7 12. Re1 Nxe5 13. dxe5 Nd7 14. e4 Rc8 15. Qg4 Nc5 16. exd5 cxd5 17. Rad1 Qe8 18. Bd4 Nd3 19. Rf1 Nb4 20. cxd5 Bxd5 21. Bxd5 exd5 22. e6 f6 23. Nf3 Qg6 24. Qxg6 hxg6 25. a3 Nc6 26. Bb2 Rfd8 27. Rd3 Rd6 28. Re1 b5 29. b4 a6 30. h4 Rcd8 31. Kg2 d4 32. Re4 f5 33. Re2 Bf6 34. e7 Re8 35. Bc1 Rxe7 36. Rc2 Red7 37. Rc5 Ne7 38. Bg5 Kf7 39. Kf1 Rc6 40. Bxf6 Rxc5 41. bxc5 Kxf6 42. Rxd4 Rxd4 43. Nxd4 Ke5 44. Nc2 a5 45. Ke2 Kd5 46. Kd3 Nc6 47. h5 Ne5+ 48. Kc3 gxh5 49. Ne3+ Kxc5 50. Nxf5 g6 51. Nh4 g5 52. Nf5 Nf3 53. Kd3 b4 54. axb4+ axb4 55. Ng7 h4 56. gxh4 gxh4 57. Ne6+ Kb5 58. Nf4 b3 59. Kc3 Ka4 60. Kb2 Ne5 61. Nh3 Nc4+ 62. Kc3 b2 63. Kc2 Ka3 64. Nf4 Ka2 0-1

[Event "CHN-chT"]
[Site "Nanjing"]
[Date "2023.02.22"]
[Round "9.4"]
[White "Xi, Qi"]
[Black "Kong, Xiangrui"]
[Result "1/2-1/2"]
[WhiteElo "2150"]
[BlackElo "1950"]
[PlyCount "71"]
[EventDate "2023.02.14"]
[EventType "team-swiss"]
[EventRounds "9"]
[EventCountry "CHN"]
[SourceTitle "CBM 212 Extra"]
[Source "ChessBase"]
[SourceDate "2023.03.31"]
[SourceVersion "1"]
[SourceVersionDate "2023.03.31"]
[SourceQuality "1"]
[WhiteTeam "Tianjin"]
[BlackTeam "Hangzhou"]
[WhiteTeamCountry "CHN"]
[BlackTeamCountry "CHN"]

1. d4 d5 2. c4 c6 3. Nf3 Nf6 4. Nc3 e6 5. e3 Nbd7 6. Bd3 dxc4 7. Bxc4 b5 8. Be2 Bb7 9. 0-0 Be7 10. e4 b4 11. e5 bxc3 12. exf6 Bxf6 13. bxc3 c5 14. dxc5 0-0 15. Ba3 Be7 16. Rb1 Be4 17. Bd3 Bxd3 18. Qxd3 Nxc5 19. Qe3 Na4 20. c4 Qc7 21. Rfc1 Bxa3 22. Qxa3 Nc5 23. h3 h6 24. Nd4 Rfc8 25. Qe3 Rab8 26. Rxb8 Qxb8 27. Nb3 Qd6 28. Qf3 Rd8 29. Qe3 Rc8 30. Rb1 a6 31. g3 h5 32. Qf3 Qd3 33. Qxd3 Nxd3 34. c5 e5 35. Rd1 e4 36. f3 1/2-1/2